Países com lua na bandeira - Statistics

Estatísticas Gerais
  • Esse quiz foi jogado 72 vezes
  • A pontuação média é 10 de 19
Estatísticas das Respostas
Dicas Países % Correto
Crescente branca, 1 estrela Turquia
92%
Crescente vermelha, 1 estrela Tunísia
89%
Crescente vermelha, 1 estrela Argélia
73%
Crescente branca, 1 estrela Paquistão
71%
Crescente branca, 5 estrelas Turcomenistão
67%
Crescente amarela, 1 estrela Mauritânia
62%
Crescente branca, 12 estrelas Uzbequistão
60%
Crescente branca, 1 estrela Líbia
59%
Crescente branca, 1 estrela Azerbaijão
57%
Crescente branca Maldivas
52%
Crescente amarela, 1 estrela Malásia
51%
Crescente branca, 5 estrelas Singapura
49%
Cheia branca Laos
46%
Cheia dourada Palau
41%
Crescente branca, 4 estrelas Comores
38%
Crescente vermelha, guarda-chuva Brunei
35%
Crescente amarela, Soyombo Mongólia
35%
Crescente amarela, país europeu Moldávia
17%
Crescente branca, país europeu Croácia
11%
Nenhum quiz correspondente encontrado
Distribuição das Pontuações
Porcentagem de Pessoas com Cada Pontuação
Percentil de Números Respondidos
Sua Pontuação Histórica
Você não jogou esse quiz